000 00816nam a2200217Ia 4500
003 OSt
005 20250901151309.0
008 210719s2003 xx 000 0 und d
040 _cAL
041 _akan
082 _aK894.4 AHMN
100 _aAHMAD ANVAR
_dಅಹ್ಮದ್ ಅನ್ವರ್
_9238119
245 _aNanna kanasina bharata: lekhana sankalana
_bನನ್ನ ಕನಸಿನ ಭಾರತ : ಲೇಖನ ಸಂಕಲನ
260 _aMangaLuru
_bVichara Prakashana.,
_c2003
300 _a116
_bPB
365 _b35
_cRs
650 _aKannada literature
_9238120
650 _aKannada Prose
_9238121
906 _aAttyachara ; bharata: ; Himsachara ; Jahiratu ; Kalpana Chavla ; kanasina ; Komugalabhe ; lEkhana ; Mahile ; Nanna ; Raktadana ; sankalana ; Shikshana ; Vradyapya
942 _2ddc
_cBK
999 _c215218
_d215218